Význam moderných komunikačných nástrojov pre tvorbu imidža vybranej spoločnosti dizertačná práca

Saved in:
Bibliographic Details
Main Author: Ralbovský, Andrej, 1991-
Corporate Author: Obchodná fakulta EU. Katedra marketingu
Other Authors: Daňo, Ferdinand, 1959-
Format: Book
Language:Slovak
Published: Bratislava 2019
Subjects:
Tags: Add Tag
No Tags, Be the first to tag this record!

MARC

LEADER 00000nbm a2200000 4500
001 0256909
005 20230302102622.7
041 0 |a slo 
044 |a SK 
245 1 0 |a Význam moderných komunikačných nástrojov pre tvorbu imidža vybranej spoločnosti  |b dizertačná práca  |c Andrej Ralbovský ; školiteľ: Ferdinand Daňo 
264 1 |a Bratislava  |c 2019 
300 |a 160 s. 
610 2 0 |a nástroje komunikačné 
610 2 0 |a imidž 
610 2 0 |a spoločnosť 
610 2 0 |a firmy 
100 1 |a Ralbovský, Andrej, 1991- 
700 1 |a Daňo, Ferdinand, 1959- 
710 2 |a Obchodná fakulta EU. Katedra marketingu